MARC

LEADER 00000nam0a2200000 4500
001 115732
005 20231031122834.0
035 |a (RuTPU)RU\TPU\book\125172 
090 |a 115732 
100 |a 20070514d1980 m y0rusy50 ca 
101 0 |a rus 
102 |a RU 
105 |a a j 001zy 
200 1 |a Моделирование химико-технологических процессов  |a Гидродинамические, тепло- и массообменные процессы  |e учебное пособие  |f А. А. Безденежных  |g Ленинградский технологический институт им. Ленсовета, Кафедра процессов и аппаратов химической технологии 
210 |a Ленинград  |c Ленинградский технологический ин-т  |d 1980 
215 |a 78 с.  |c ил. 
320 |a Литература: с. 74-75. 
610 1 |a массообменные процессы 
610 1 |a химико-технологические процессы 
610 1 |a гидродинамические процессы 
610 1 |a процессы 
610 1 |a тепло- и массообменные процессы 
610 1 |a математические модели 
610 1 |a потоки 
610 1 |a выпаривание 
610 1 |a тарельчатые колонны 
610 1 |a ректификация 
610 1 |a многокомпонентные смеси 
610 1 |a высушивание 
610 1 |a учебные пособия 
610 1 |a тепловые процессы 
675 |a 66.011(075.8)  |v 3 
700 1 |a Безденежных  |b А. А.  |g Анатолий Андреевич 
712 0 2 |a Ленинградский технологический институт им. Ленсовета  |b Кафедра процессов и аппаратов химической технологии  |2 stltpush  |3 (RuTPU)RU\TPU\col\1462 
801 1 |a RU  |b 63413507  |c 20070514  |g PSBO 
801 2 |a RU  |b 63413507  |c 20140516  |g PSBO 
900 |a Моделирование сложных многокомпонентных химических процессов 
942 |c BK